Európska územná spolupráca ako cieľ regionálnej politiky Európskej únie (na príklade slovensko-rakúskeho prihraničného regiónu) diplomová práca

Guardado en:
Detalles Bibliográficos
Autor principal: Plevová, Katarína, 1989-
Autor Corporativo: Obchodná fakulta EU. Katedra medzinárodného obchodu
Otros Autores: Pásztorová, Jana, 1960-
Formato: Libro
Lenguaje:eslovaco
Publicado: Bratislava 2009
Etiquetas: Agregar Etiqueta
Sin Etiquetas, Sea el primero en etiquetar este registro!

MARC

LEADER 00000nam$a2200000$$$4500
001 0101019
005 20240318133633.9
041 0 |a slo 
044 |a SK 
245 1 0 |a Európska územná spolupráca ako cieľ regionálnej politiky Európskej únie (na príklade slovensko-rakúskeho prihraničného regiónu)  |b diplomová práca  |c Katarína Plevová ; škol. Jana Pásztorová 
264 1 |a Bratislava  |c 2009 
300 |a 111 s. 
100 1 |a Plevová, Katarína, 1989- 
700 1 |a Pásztorová, Jana, 1960- 
710 2 |a Obchodná fakulta EU. Katedra medzinárodného obchodu